000 00199 a2200097 4500
020 _a9789500811910
041 _aspa
100 _aPackard, Edward
245 _aEl secreto de los delfines
942 _cBK
999 _c30915
_d30913